000 00461nam a2200181Ia 4500
005 20250508161738.0
008 008 250505s9999 xx 000 0 eng d
037 _aTextual
040 _aFEDL
_beng
_cFEDL
041 _aeng
_2eng
084 _a378, MIN
_qFEDL
100 _aMinter W John Ed.
_9771485
245 0 _aIndividual and the system
260 _c1960
300 _avii,187p.
942 _cTEXL
_h378, MIN
999 _c1371850
_d1371850